000 00668nam a2200253Ia 4500
003 OSt
005 20221007112805.0
006 a|||||r|||| 00| 0
007 ta
008 221006b |||||||| |||| 00| 0 eng d
020 _a8175341366
024 _a29,382
037 _cTextual
040 _aLCO
_cLCO
_beng
041 _2eng
_aeng
082 _aZ3,91, K4
100 _aStone Julius
_9121516
245 0 _aLegal System and Lawyers Reasonings
260 _aDelhi
_bUniversal Law Publishing Company India
_c1964
300 _a454
650 _aLEGAL SYSTEM
_9690033
942 _hZ3,91, K4
_cTEXL
999 _c1198945
_d1198945